000 00402nam a22001457a 4500
003 OSt
005 20260505053743.0
008 260505b |||||||| |||| 00| 0 eng d
020 _a9780415069915
040 _cIRDP
082 _a307.141 209 67 DEV
245 _aDEVELOPMENT FROM WITHIN: SURVIVAL IN RURAL AFRICA
_c[EDITED BY FRASER, D.R]
260 _aNEW YORK;
_bROUTLEDGE,
_cC1992.
942 _2ddc
_cBOOKS
999 _c9572
_d9572